000 00642nam a2200241Ia 4500
003 OSt
005 20220918172459.0
006 a|||||r|||| 00| 0
007 ta
008 220917b |||||||| |||| 00| 0 eng d
024 _a1,108
037 _cTextual
040 _aARTS
_cARTS
_beng
041 _2eng
_aeng
082 _aQ7.2:g, M2;1
100 _aTroll Christian W ed
_941799
245 0 _aIslam in India
_b studies and commentaries
260 _aNew Delhi
_bVikas
_c1982
300 _axxi,231p.
_ccm.
650 _aRELIGION
942 _hQ7.2:g, M2;1
_cTEXL
_2CC
999 _c144138
_d144138